| 000 | 00354nam a2200145Ia 4500 | ||
|---|---|---|---|
| 008 | 191201s2009 xx 000 0 und d | ||
| 082 |
_a346.065 _bBUB |
||
| 100 | _aBULCHANDANI, KR | ||
| 245 | 0 | _aBusiness Law for management | |
| 250 | _aRep | ||
| 260 |
_aN.Delhi _bHimala Publication House _c2009 |
||
| 300 | _a821 | ||
| 650 | _aMBA | ||
| 942 |
_2ddc _cBK _02 |
||
| 999 |
_c4308 _d4308 |
||